01251cam a22002411a 4500001000700000003000600007005001700013008004100030010001300071020001500084020001800099040006900117050001700186082001700203100003900220245005400259260004300313300002100356504005300377505042900430600001800859776013200877449788OCoLC20190121150604.0710318s1968 miu b 001 0beng  a68030985 a0802833330 a9780802833334 aDLCbengcDLCdOCLdOCLCGdWY@dXBEdYDXCPdGZUdOCLCQdOG#dBDX0 aBT301.2b.H3 a232.9bH318S1 aHarrison, Everett Falconer,d1902-12aA short life of Christ /cby Everett F. Harrison. aGrand Rapids :bW.B. Eerdmans,c[1968] a288 p. ;c23 cm. aIncludes bibliographical references and indexes.0 aThe historicity of Jesus -- The birth -- The infancy and boyhood -- The baptism -- The temptation -- Jesus as teacher -- The miracles -- Conflict with the pharisees -- The call and training of the twelve -- The transfiguration -- The triumphal entry and the cleansing of the temple -- The upper room -- Gethsemane -- The arrest and trial -- The crucifixion -- The resurrection -- The ascension -- "What sort of man is this?"00aJesus Christ.08iOnline version:aHarrison, Everett Falconer, 1902-tShort life of Christ.dGrand Rapids, W.B. Eerdmans [1968]w(OCoLC)647546752